Quizzes
Events
Quiz Creation
Community
Videos
Private Events
Remove Ads
Sign In
Join for FREE
Feedback
Dark Mode
Quiz Categories
Sports
Geography
Music
Movies
Television
Just For Fun
Miscellaneous
History
Literature
Language
Science
Gaming
Entertainment
Religion
Holiday
For Kids
Quiz Lab
Recent
Popular Today
Quiz Kudos Today
Editor Picks
Curator Picks
Quizzes by...
Day
Popularity
Type
Ratings
Length
Year
Community
Subscriptions
Recent Discussions
Orange Saloon
Badges
Playlists
Quests
Create
Leaderboards
Showdown
Live 5
Trivia Bingo
Activity
Puzzle Library
Sporcle Events
Private Events
Virtual Trivia
Globe League
Become a Host
Pub Owners
SporcleCon
Opinionation
Our Games
Videos
Blog
Mobile Apps
Partnerships
Remove Ads and Go Orange
Feedback
Geography
Country
Landmarks
City
State
Population
World
Capital
Continent
Flags
Europe
Africa
Asia
South America
North America
Oceania
Border
Canada
United Kingdom
Topography
United States
Geography
Country
Landmarks
City
State
Population
World
Capital
Continent
Flags
Europe
Africa
Asia
South America
North America
Oceania
Border
Canada
United Kingdom
Topography
United States
Random Quiz
Search Sporcle
×
Quiz Lab
Quiz Lab
Geography
Country
Type in answers that appear in a list
Type in answers that appear in a list
Classic
Best Score? Go Orange.
Kyoto Non-Ratifiers. Stats
Can you name the countries that have not ratified the Kyoto Protocol against global warming?
By
PumpkinBomb
2m
7 Questions
505 Plays
505 Plays
505 Plays
Comments
Comments
Give Quiz Kudos
Give Quiz Kudos
-
- Ratings
hide this ad
Replay
Link that replays current quiz
Next Quiz
Link to next quiz in quiz playlist
You Got
0%
They Got
Avg Score
32%
Avg Friend Score
Upgrade to see
Score Distribution
Jump to the score distribution portion of the page
Score
0/7
Timer
02:00
0
Plays Today
% Correct
United States
98%
Afghanistan
27.5%
Somalia
24.4%
Taiwan
22.6%
Vatican City
22.6%
Andorra
17.6%
Kosovo
15%
Quiz Playlist
Details
Report
Send in Message
Add To Playlist
Classic:
Type in answers that appear in a list
Quiz Source
Last Updated: Feb 16, 2017
Quiz Scoreboard
CHALLENGE
Sign Up to Join the Scoreboard
Show All
Scores
Hide
Comments
May contain spoilers
Recently Published
Decade Duel: World Leaders
by jenniferyan
History
4m
Alphabetical 'K' Countries by Flag Minefield
by ylime102
Geography
3m
Pick 6: Fruits
by JohnFran
Miscellaneous
15s
More to Explore
Quiz From the Vault
Featured Blog Post
15 Basketball Trivia Facts You Can Be March Mad About
hide this ad
You Might Also Like...
Tags
Country Quiz
Against
global
Kyoto
protocol
Ratified
Today's Top Quizzes in Geography
Browse Geography
hide this ad
Today's Top Quizzes in Country
Browse Country
Top Contributed Quizzes in Geography
1
Countries of the World - No Outlines Minefield
2
Pick 6: Mountains
3
Least Populated Answer: 'G' Countries
4
Alphabetical 'L' Countries By Flag Minefield
5
Lietuvos savivaldybės (Lithuanian Municipalities)
6
Alphabetical 'M' Countries By Flag Minefield
7
Pick 6: National Parks
8
Pick 6: US States
9
Blind Ultimate Minefield: Europe
10
'A' Countries In Alphabetical Order by Flag
Explore More
Trending Topics
NBA
Harry Potter
Crossword
Marvel
Kpop
Disney
Anime
Puzzle
Soccer
NFL
Pokémon
The Office
Country
WWE
Song
hide this ad
More By:
PumpkinBomb
Quiz
Plays
Rating
Category
Featured
Created
Nationality of Titanic Passengers
251,064
4.55
History
Feb 9, 2011
Fruit Producing Countries
246,829
4.72
Geography
Dec 7, 2009
Countries in Space
233,751
4.51
Geography
Mar 14, 2010
Most Likely To...
215,563
4.38
Geography
Feb 17, 2010
Summer Olympics: Nations by Sport
198,866
4.42
Sports
Feb 9, 2010
Go to Creator's Profile
Score Distribution
Quiz Creator Spotlight
PumpkinBomb
Follow
Send a Message
Quizzes Created
-
Created Quiz Play Count
-
More By This Creator
Popular Quizzes Today
1
Countries of Asia Without Outlines Minefield
2
Find the US States - No Outlines Minefield
3
Pick 6: Fruits
4
Alphabetical 'K' Countries by Flag Minefield
5
The Countries of the World
6
Find the Countries of Europe - No Outlines Minefield
7
Find the US States
8
US States
More Geography Quizzes
Blitz: Portugal Cities A-Z
Quiz Lab
Trending Quizzes
Pick 6: Mountains
Pick 6: Harry Potter
Pick 6: Flags
Pick 6: NFL Teams
Pick 6: Movie Franchises
Recently Updated
Adaptations: Name the Title
pecheneg
NWSL Teams
pecheneg
Women's Final Four Teams by Year
bhenderson79
Presidents Quartet II
eogle
Anything But Clue(do)
eogle
Anything But Oceanian Capitals
eogle
Anything But 7
eogle
Anything But Thing
eogle
Word Ladder: February 29
pecheneg
Song Title Questions
pecheneg
Trending Topics
Harry Potter
Crossword
Marvel
Disney
NBA
Kpop
Anime
WWE
The Office
Pokémon
Soccer
Song
Country
Puzzle
NFL
Your Account Isn't Verified!
In order to create a playlist on Sporcle, you need to verify the email address you used during registration. Go to your
Sporcle Settings
to finish the process.
Report this User
Report this user for behavior that violates our
Community Guidelines
.
Details:
Send Report
Go to the Sporcle.com Mobile Site →
Comments